00301nam a22001097a 4500082001800000100002400018245006700042260004100109300001100150563000800161650002200169 a345.5491bANJ aAnjum, Ahsan Sohail aCode of Criminal Procedure:b[V of 1898] /cAhsan Sohail Anjum aLahore :bMansoor Book House,c2024. a700 p. aHB. aLaw, Criminal Law